Accountability hoy. Legitimación a través de la transparencia en la gestión y la participación ciudadana como control a la administración pública (Registro nro. 28924)
[ vista simple ]
| 000 -LEADER | |
|---|---|
| fixed length control field | 00566 a2200121 4500 |
| 001 - CONTROL NUMBER | |
| control field | ART_40856 |
| 005 - DATE AND TIME OF LATEST TRANSACTION | |
| control field | 20260410161935.0 |
| 008 - FIXED-LENGTH DATA ELEMENTS--GENERAL INFORMATION | |
| fixed length control field | 260409a |
| 100 1# - MAIN ENTRY--PERSONAL NAME | |
| Personal name | Montiano, Marcelo Omar |
| 245 10 - TITLE STATEMENT | |
| Title | Accountability hoy. Legitimación a través de la transparencia en la gestión y la participación ciudadana como control a la administración pública |
| 700 1# - ADDED ENTRY--PERSONAL NAME | |
| Personal name | Scaglione, Juan Pablo |
| 773 0# - HOST ITEM ENTRY | |
| Title | Boletin del Consejo Profesional de Ciencias Económicas de la Provincia de Santa Fe (camara segunda) |
| Related parts | - Año XXVII, Nº 329 (dic. 2016) |
| Record control number | REV25058 |
No hay ítems disponibles.